Malawi : (Record no. 200630)
[ view plain ]
| 000 -LEADER | |
|---|---|
| fixed length control field | 00568cam6a220019300 4500 |
| 001 - CONTROL NUMBER | |
| control field | tmp15418055 |
| 003 - CONTROL NUMBER IDENTIFIER | |
| control field | UPRA |
| 005 - DATE AND TIME OF LATEST TRANSACTION | |
| control field | 20190830124238.0 |
| 008 - FIXED-LENGTH DATA ELEMENTS--GENERAL INFORMATION | |
| fixed length control field | 950809s1966 mw f eng u |
| 035 ## - SYSTEM CONTROL NUMBER | |
| System control number | (Sirsi) r116655 |
| 035 ## - SYSTEM CONTROL NUMBER | |
| System control number | (UPRA)tmp15418055 |
| 040 ## - CATALOGING SOURCE | |
| Transcribing agency | UPRA |
| 110 1# - MAIN ENTRY--CORPORATE NAME | |
| Subordinate unit | Ministry of Trade and Industry. |
| Linkage | A33996.1 |
| 245 10 - TITLE STATEMENT | |
| Title | Malawi : |
| Remainder of title | prospects for industrial development. |
| 260 ## - PUBLICATION, DISTRIBUTION, ETC. | |
| Place of publication, distribution, etc. | [Limbe, |
| Date of publication, distribution, etc. | 1966] |
| 650 #0 - SUBJECT ADDED ENTRY--TOPICAL TERM | |
| Topical term or geographic name entry element | Industries -- Malawi. |
| Geographic subdivision | Industries -- Malawi. |
| Linkage | S25795.1 |
| 949 ## - LOCAL PROCESSING INFORMATION (OCLC) | |
| a | HC517 |
| w | lcc |
| i | -168056 |
| m | MAIN |
| t | BOOK |
| l | ON-SHELF |
No items available.